000 00677nam a2200277Ia 4500
005 20260324120835.0
008 008 260324s9999 xx 000 0 eng d
020 _a9781315849904
037 _aEBOOK
040 _aCRL
040 _beng
040 _cCRL
041 _2eng
041 _aeng
084 _qCRL
100 _aJohn Sym; Michael MacDonald
_91160182
245 0 _aLifes Preservative Against Self-Killing (Psychology Revivals)
260 _bTaylor and Francis
260 _c2014
365 _a
365 _b290
856 _uhttp://www.taylorfrancis.com/books/9781315849904
942 _cEBOOK
999 _c1751914
_d1751914